000 00684nam a2200241Ia 4500
003 OSt
005 20220925211113.0
006 a|||||r|||| 00| 0
007 ta
008 220923b |||||||| |||| 00| 0 eng d
020 _a8170337992
037 _cGeneral Book
040 _aRTL
_cRTL
_beng
041 _2eng
_aeng
082 _aY592.2.P, P3
100 _aKolenda Pauline
245 0 _aCaste, marriage and inequality
_bEssays on north and south India
260 _aJaipur
_bRawat Publications India
_c2003
300 _axvii,460p
_ccm.
650 _aCaste
_9184358
942 _hY592.2.P, P3
_cGB
_2CC
999 _c556759
_d556759